000 00886nam a22003017a 4500
001 000638
003 DO-SdBNP
005 20231130103632.0
007 ta
008 161104b1975 nuy a ||| 00| 0 eng d
020 _a0394830199
040 _aBPMSU
_bspa
_cBPMSU
082 4 _a813
_bM821n 1975
_222
100 1 _4Moore, Clement C.
_61779-1863
245 1 4 _aThe night berore christmas /
_cClement C. Moore; ilustrado por Douglas Gorsline
260 _aNew York :
_b Random House,
_c1975
300 _a23 p. :
_bil., ;
_c20 cm.
490 _a
500 _a
500 _aPrimera reimpresión: abril de 2008.
590 _aInventariado, 2023/VM
650 4 _aCuentos infantiles estadounidenses
650 4 _aNavidad.
_vCuentos
650 4 _aLibros infantiles
700 1 _a Gorsline, Douglas
_eils.
910 _aVMateo V. Control de calidad. BPMSU
942 _2ddc
_cBK
999 _c14493
_d14493